| Tag |
First Indicator |
Second Indicator |
Subfields |
| LEADER |
00000cam a2200000Ia 4500 |
| 001 |
in00002599607 |
| 005 |
20151201154541.0 |
| 007 |
he amv---bacp |
| 007 |
hz bhv---babp |
| 008 |
080527s1957 enka b 000 0 eng d |
| 035 |
|
|
|a (OCoLC)ocn228814045
|
| 035 |
|
|
|a (OCoLC)228814045
|
| 037 |
|
|
|a CL0021000039
|b ProQuest, 789 E. Eisenhower Parkway, Ann Arbor, MI 48108-3218
|
| 040 |
|
|
|a UMI
|c UMI
|d UMI
|d UtOrBLW
|
| 049 |
|
|
|a UMIA
|
| 090 |
|
|
|a PZ5
|b .O67 1990 no.039:390.
|
| 100 |
1 |
|
|a Lowen, Lucien.
|
| 245 |
1 |
0 |
|a 8192 crazy circus stars :
|b in one book /
|c by Lucien Lowen.
|
| 246 |
1 |
4 |
|a Crazy circus
|
| 264 |
|
1 |
|a London :
|b Atrium Press,
|c [1957?]
|
| 300 |
|
|
|a 32 pages :
|b all illustrations
|
| 336 |
|
|
|a text
|b txt
|2 rdacontent
|
| 337 |
|
|
|a microform
|b h
|2 rdamedia
|
| 338 |
|
|
|a microfiche
|b he
|2 rdacarrier
|
| 500 |
|
|
|a Date of publication suggested by the Bodleian Library.
|
| 500 |
|
|
|a "For children from 5 and under to 75 and over."
|
| 500 |
|
|
|a Each page is divided into three parts designed to interchange with other pages to form different combinations of characters.
|
| 500 |
|
|
|a Reproduction of original in the Bodleian Library.
|
| 510 |
4 |
|
|a Opie
|c EE 416
|
| 533 |
|
|
|a Microfiche.
|b Ann Arbor, Mich. :
|c UMI,
|d 2000.
|e 1 microfiche ; 11 x 15 cm.
|f (Opie collection of children's literature ; 039:390)
|7 s2000 miun b
|
| 500 |
|
|
|a Microform.
|
| 650 |
|
0 |
|a Circus
|v Pictorial works.
|
| 650 |
|
0 |
|a Wit and humor, Juvenile.
|
| 650 |
|
0 |
|a Toy and movable books
|v Specimens.
|
| 830 |
|
0 |
|a Opie collection of children's literature ;
|v 039:390.
|
| 994 |
|
|
|a 02
|b UMI
|
| 999 |
|
|
|a MARS
|
| 999 |
f |
f |
|s 55919181-2127-373c-9823-873bf59bec63
|i 28e4abd3-e71a-38d2-a661-9fb787eab140
|t 0
|
| 952 |
f |
f |
|a Texas A&M University
|b College Station
|c Sterling C. Evans Library
|d Evans: Microforms Fiche (3rd floor)
|t 0
|e PZ5 .O67 1990 no.039:390.
|h Library of Congress classification
|
| 998 |
f |
f |
|a PZ5 .O67 1990 no.039:390.
|t 0
|l Evans: Microforms Fiche (3rd floor)
|